<?xml version="1.0" encoding="UTF-8"?>
<marc:record xmlns:marc="http://www.loc.gov/MARC21/slim">
   <marc:leader>00000nam a2200000 a 4500</marc:leader>
   <marc:datafield ind1="1" ind2=" " tag="100">
      <marc:subfield code="a">Hoger, Hannelore</marc:subfield>
      <marc:subfield code="4">aut</marc:subfield>
      <marc:subfield code="e">Verfasser/-in</marc:subfield>
   </marc:datafield>
   <marc:datafield ind1=" " ind2=" " tag="653">
      <marc:subfield code="a">Hoger</marc:subfield>
   </marc:datafield>
   <marc:datafield ind1=" " ind2=" " tag="653">
      <marc:subfield code="a">Hannelore</marc:subfield>
   </marc:datafield>
   <marc:datafield ind1=" " ind2=" " tag="653">
      <marc:subfield code="a">Alexander Kluge</marc:subfield>
   </marc:datafield>
   <marc:datafield ind1=" " ind2=" " tag="653">
      <marc:subfield code="a">Autobiographie</marc:subfield>
   </marc:datafield>
   <marc:datafield ind1=" " ind2=" " tag="653">
      <marc:subfield code="a">Bella Block</marc:subfield>
   </marc:datafield>
   <marc:datafield ind1=" " ind2=" " tag="653">
      <marc:subfield code="a">Bochum</marc:subfield>
   </marc:datafield>
   <marc:datafield ind1=" " ind2=" " tag="653">
      <marc:subfield code="a">Edgar Reitz</marc:subfield>
   </marc:datafield>
   <marc:datafield ind1=" " ind2=" " tag="653">
      <marc:subfield code="a">Fernsehen</marc:subfield>
   </marc:datafield>
   <marc:datafield ind1=" " ind2=" " tag="653">
      <marc:subfield code="a">Film</marc:subfield>
   </marc:datafield>
   <marc:datafield ind1=" " ind2=" " tag="653">
      <marc:subfield code="a">Hamburg</marc:subfield>
   </marc:datafield>
   <marc:datafield ind1=" " ind2=" " tag="653">
      <marc:subfield code="a">Peter Zadek</marc:subfield>
   </marc:datafield>
   <marc:datafield ind1=" " ind2=" " tag="653">
      <marc:subfield code="a">Theater</marc:subfield>
   </marc:datafield>
   <marc:datafield ind1=" " ind2=" " tag="653">
      <marc:subfield code="a">Softcover / Sachbücher/Musik</marc:subfield>
   </marc:datafield>
   <marc:datafield ind1=" " ind2=" " tag="653">
      <marc:subfield code="a">Theater/Biographien</marc:subfield>
   </marc:datafield>
   <marc:datafield ind1=" " ind2=" " tag="653">
      <marc:subfield code="a">Autobiographien</marc:subfield>
   </marc:datafield>
   <marc:datafield ind1=" " ind2=" " tag="653">
      <marc:subfield code="a">Autobiografie</marc:subfield>
   </marc:datafield>
   <marc:datafield ind1=" " ind2=" " tag="653">
      <marc:subfield code="a">Interview</marc:subfield>
   </marc:datafield>
   <marc:datafield ind1="0" ind2="0" tag="245">
      <marc:subfield code="a">Ohne Liebe trauern die Sterne</marc:subfield>
   </marc:datafield>
   <marc:datafield ind1="0" ind2="0" tag="245">
      <marc:subfield code="b">Bilder aus meinem Leben</marc:subfield>
   </marc:datafield>
   <marc:datafield ind1="0" ind2="0" tag="245">
      <marc:subfield code="c">Hannelore Hoger</marc:subfield>
   </marc:datafield>
   <marc:datafield ind1=" " ind2="1" tag="264">
      <marc:subfield code="a">Reinbek bei Hamburg</marc:subfield>
      <marc:subfield code="b">Rowohlt</marc:subfield>
   </marc:datafield>
   <marc:datafield ind1=" " ind2=" " tag="250">
      <marc:subfield code="a">1. Auflage</marc:subfield>
   </marc:datafield>
   <marc:datafield ind1="1" ind2=" " tag="520">
      <marc:subfield code="a">Angaben aus der Verlagsmeldung

Ohne Liebe trauern die Sterne : Bilder aus meinem Leben / von Hannelore Hoger

Sie ist eine der beliebtesten deutschen Schauspielerinnen: Hannelore Hoger. Als eigenwillige Kommissarin Bella Block wurde sie populär, aber sie spielt und beherrscht auch viele andere Rollen in Film- und Theaterproduktionen. Von Die Artisten in der Zirkuskuppel: ratlos (1968) und Die Patriotin (1979) über Auftritte in Derrick und Tatort bis zu Die Bertinis (1988) und der jüngsten Heidi-Verfilmung (2015), in der sie die Großmutter mimt, reicht das Spektrum ihrer Arbeiten. Hannelore Hoger gilt als kantige Persönlichkeit, die kaum jemanden an sich heranlässt. Jetzt aber erzählt sie zum ersten Mal ausführlich aus ihrem eigenen Leben: von Kindheit und Jugend in Hamburg; von ihren Anfängen und ersten Erfolgen als Schauspielerin; von der Zusammenarbeit mit Regisseuren wie Peter Zadek, Edgar Reitz und Alexander Kluge, die sie prägten; von Kollegen wie Ulrich Wildgruber, Götz George, Harald Juhnke – und ihrer Tochter Nina. Hannelore Hoger schreibt auch über persönliche Vorlieben und Obsessionen – so offen wie noch nie. Man erfährt, welche Bücher sie liest und welche Musik sie am liebsten hört, warum Hunde (und andere Tiere) in ihrem Leben stets einen wichtigen Platz einnahmen, welche Bedeutung Reisen für sie haben. Und sie lässt die Leserinnen und Leser teilhaben an einer Seite, die öffentlich bisher kaum bekannt ist: dass sie nämlich gern malt. Das Buch zeigt erstmals eine ganze Reihe ihrer in den letzten Jahren entstandenen Bilder. Eine faszinierende Frau, ein außergewöhnliches Buch.
</marc:subfield>
   </marc:datafield>
   <marc:datafield ind1=" " ind2=" " tag="020">
      <marc:subfield code="a">9783498030346</marc:subfield>
      <marc:subfield code="9">9783498030346</marc:subfield>
   </marc:datafield>
   <marc:datafield ind1=" " ind2=" " tag="020">
      <marc:subfield code="a">3498030345</marc:subfield>
      <marc:subfield code="9">3498030345</marc:subfield>
   </marc:datafield>
   <marc:datafield ind1=" " ind2=" " tag="041">
      <marc:subfield code="a">ger</marc:subfield>
   </marc:datafield>
   <marc:datafield ind1=" " ind2=" " tag="300">
      <marc:subfield code="a">301 Seiten</marc:subfield>
   </marc:datafield>
</marc:record>
